Heavy metals toxicity and environment / (Record no. 38384)

MARC details
000 -LEADER
fixed length control field 00710nam a22001937a 4500
005 - DATE AND TIME OF LATEST TRANSACTION
control field 20100731114720.0
010 ## - LCCN (DPL NO)
LC control number ENG-97038
020 ## - INTERNATIONAL STANDARD BOOK NUMBER
International Standard Book Number 9788190822381
Terms of availability 60.00
035 ## - SYSTEM CONTROL NUMBER
System control number EN-80571
037 ## - SOURCE OF ACQUISITION
Source of stock number/acquisition DBAD/PUB
082 ## - DEWEY DECIMAL CLASSIFICATION NUMBER
Classification number 615.92
100 ## - MAIN ENTRY--PERSONAL NAME
Personal name Nagarajan, S.
245 ## - TITLE STATEMENT
Title Heavy metals toxicity and environment /
Statement of responsibility, etc by S. Nagarajan
260 ## - PUBLICATION, DISTRIBUTION, ETC. (IMPRINT)
Place of publication, distribution, etc Madurai
Name of publisher, distributor, etc Mauriyar Publications
Date of publication, distribution, etc 2009
270 ## - ADDRESS
Address 2-5/762, Maraimalai Adigalar Street, Annanagar
City Madurai
Postal code 6250520
300 ## - PHYSICAL DESCRIPTION
Extent 108p.
Dimensions 20cm (pbk)
942 ## - ADDED ENTRY ELEMENTS (KOHA)
Source of classification or shelving scheme Dewey Decimal Classification
Item type English Books
Classification part 615.92
Call number suffix NAG
Holdings
Withdrawn status Lost status Not for loan Collection code Home library Current library Date acquired Source of acquisition Cost, normal purchase price Full call number Barcode Copy number Cost, replacement price Koha item type
    Not For Loan Non-fiction D.B.Act.Division D.B.Act.Division 31/07/2010 DBAD/PUB 60.00 615.92 NAG EN-80571 1 60.00 English Books

© Delhi Public Library
Hit Counter
free hit counter